Úloha nevýrobnej sféry v sociálno-ekonomickom rozvoji spoločnosti

Bibliographic Details
Main Author: Titičová, Bibiána (Author)
Format: Article
Language:Slovak
Subjects:

MARC

LEADER 00000nab a2200000 a 4500
001 vtls000356363
003 SK-MaSNL
005 20260302231345.0
008 111202c1988 xo 0 slo
015 |a SNBRA19rr/mm-uuuuu 
035 |a CL0356485 
040 |a SNKBUCL  |b slo  |c SNKBUCL  |e AACR2 
041 0 |a slo 
044 |a xo  |c SK 
080 |a 339.3:330.341.1:308  |2 1981 
080 |a 330.341.1  |2 1981 
080 |a 308  |2 1981 
100 1 |a Titičová, Bibiána  |4 aut  |9 962018 
245 1 0 |a Úloha nevýrobnej sféry v sociálno-ekonomickom rozvoji spoločnosti  |c Bibiána Titičová 
650 0 7 |a rozvoj sociálno-ekonomický  |2 snkbucl  |9 514103 
650 0 7 |a vnútorný obchod  |2 snkbucl  |9 2197 
655 7 |a články zo zborníkov  |2 snkbucl  |9 166140 
773 0 |t Miesto vnútorného obchodu v socialistickej spoločnosti  |d Banská Bystrica : Dom techniky ČSVTS, 1988 
850 |a Slovenská národná knižnica v Martine  |a MTA001 
852 |a SNK  |b KIS3GCP 
958 |a RK 
992 |a RZB 
999 |c 1538340  |d 1540270